000 00586nam a2200181Ia 4500
001 55069
008 120620n2010 ii |||gr||||Z||||||465
020 _a9788190795258
082 _a578.76
245 0 _aManual Of Fresh Water Biota
_cJayashree Datta Munshi, S.P.Roy, J.S.Datta Munshi
_hTextual Documents
250 _aIst ed.
260 _aDelhi
_bNarendra Publishing House
_c2010
300 _a455pg:
_c23cm.
653 _aManual of Fresh Water Biodata
653 _aDeptt- Zoology
700 _aMunshi, Jayashree Datta, Roy, S.P. & Munshi ,.J.S.Datta .,
_eAuthor.,
942 _2ddc
_cBK
999 _c55006
_d55006